Indian Forest Service Exam. (Record no. 3285)

MARC details
000 -LEADER
fixed length control field 00307nam a22001337a 4500
005 - DATE AND TIME OF LATEST TRANSACTION
control field 20250904112208.0
041 ## - LANGUAGE CODE
Language code of text/sound track or separate title ENG
100 ## - MAIN ENTRY--PERSONAL NAME
Personal name Bright.P.S
245 ## - TITLE STATEMENT
Title Indian Forest Service Exam.
250 ## - EDITION STATEMENT
Edition statement Thirty Fifth Edition
260 ## - PUBLICATION, DISTRIBUTION, ETC. (IMPRINT)
Place of publication, distribution, etc Delhi
Name of publisher, distributor, etc Bright Careers
Date of publication, distribution, etc 2004
300 ## - PHYSICAL DESCRIPTION
Extent 240
650 ## - SUBJECT ADDED ENTRY--TOPICAL TERM
Topical term or geographic name as entry element Competitive Exam
Holdings
Withdrawn status Lost status Source of classification or shelving scheme Damaged status Not for loan Home library Current library Date acquired Cost, normal purchase price Total Checkouts Barcode Date last seen Date checked out Price effective from Koha item type
    Dewey Decimal Classification     College of Agricultural Engineering and Technology, Dapoli , Library College of Agricultural Engineering and Technology, Dapoli , Library 04/09/2025 310.00 1 G01225 26/02/2026 12/02/2026 04/09/2025 Books

Contact Us: College of Agricultural Engineering and Technology, Dapoli, Dist.- Ratnagiri
Website: https://dbskkv.org Email: caetlibrary2015@gmail.com